[Event "Mechanics' Fall TNM; 30/90, SD/30"]
[Site "San Francisco"]
[Date "2009.12.01"]
[Round "7.17"]
[White "Kleiman, Charles"]
[Black "Beilin, Allan"]
[Result "0-1"]
[WhiteElo "1737"]
[BlackElo "1715"]
[PlyCount "54"]
[EventDate "2009.??.??"]

1. d4 d5 2. c4 c6 3. Nf3 Nf6 4. Nc3 e6 5. Bg5 Be7 6. e3 Nbd7 7. Bd3 h6 8. Bh4
dxc4 9. Bxc4 b5 10. Bd3 Bb7 11. O-O b4 12. Ne2 c5 13. Nd2 O-O 14. f3 cxd4 15.
Nxd4 Nd5 16. Bf2 Rc8 17. e4 Nf4 18. Bb1 Bd6 19. Be3 Qg5 20. Bxf4 Qxf4 21. Ne2
Qxh2+ 22. Kf2 Qh4+ 23. Ke3 Bc5+ 24. Kd3 Ba6+ 25. Kc2 Be3+ 26. Kb3 Qf6 27. a3
Nc5+ 0-1

[Event "Mechanics' Fall TNM; 30/90, SD/30"]
[Site "San Francisco"]
[Date "2009.11.17"]
[Round "5.18"]
[White "Kleiman, Charles"]
[Black "Chamberlain, Ethan"]
[Result "1-0"]
[WhiteElo "1737"]
[BlackElo "1360"]
[PlyCount "79"]
[EventDate "2009.??.??"]

1. d4 Nf6 2. c4 g6 3. Nc3 d5 4. e3 Bg7 5. Nf3 O-O 6. Qb3 dxc4 7. Bxc4 b6 8. Ne5
e6 9. f3 c6 10. a4 Qd6 11. Ne2 Nbd7 12. Nd3 Bb7 13. e4 e5 14. Be3 Ne8 15. Qc3
Rc8 16. O-O Qe7 17. b4 Nc7 18. Rad1 b5 19. Bb3 bxa4 20. Bxa4 Nb5 21. Bxb5 cxb5
22. Qb3 Rc4 23. d5 a6 24. Nc5 Nxc5 25. bxc5 Rc8 26. c6 Bxc6 27. dxc6 R4xc6 28.
Rc1 b4 29. Rxc6 Rxc6 30. Rc1 Rxc1+ 31. Nxc1 Bf8 32. Nd3 Qe6 33. Qxe6 fxe6 34.
Bc5 Bxc5+ 35. Nxc5 Kf7 36. Kf2 Ke7 37. Ke3 a5 38. Kd3 Kd6 39. Kc4 g5 40. Nb7+
1-0

[Event "Mechanics' Fall TNM; 30/90, SD/30"]
[Site "San Francisco"]
[Date "2009.12.15"]
[Round "9.14"]
[White "Kleiman, Charles"]
[Black "Salvo, Tab"]
[Result "1-0"]
[WhiteElo "1737"]
[BlackElo "1769"]
[Annotator "Donaldson"]
[PlyCount "53"]
[EventDate "2009.??.??"]

1. e4 c5 2. Nf3 d6 3. d4 cxd4 4. Nxd4 Nf6 5. Nc3 a6 6. Bc4 e6 7. O-O Nc6 8. Be3
Be7 9. a4 Bd7 10. f4 Rc8 11. Qe2 O-O 12. Nb3 Qc7 13. Nd2 Nb4 14. Bb3 Bc6 15. h3
Nd7 16. g4 Nc5 17. Qc4 a5 18. Qe2 Nxb3 19. Nxb3 d5 20. e5 Bd7 21. Qf2 Bd8 22.
Bc5 Re8 23. Nb5 Bxb5 24. axb5 b6 25. Bd4 Qxc2 26. Qxc2 Rxc2 27. Bc3 {Black is c
learly better but lost in 54 moves. The scoresheet disintegrates around here.}
1-0

[Event "Mechanics' Fall TNM; 30/90, SD/30"]
[Site "San Francisco"]
[Date "2009.10.20"]
[Round "1.2"]
[White "Kleiman, Charles"]
[Black "Shakhnazarov, Oleg"]
[Result "0-1"]
[WhiteElo "1737"]
[BlackElo "2200"]
[PlyCount "85"]
[EventDate "2009.??.??"]

1. d4 Nf6 2. c4 g6 3. Nc3 Bg7 4. e4 d6 5. Nf3 O-O 6. Be2 Nbd7 7. O-O e5 8. dxe5
dxe5 9. Qc2 c6 10. h3 Qc7 11. Be3 Nh5 12. g3 Re8 13. Nh4 Ndf6 14. Kg2 Qd7 15.
Rh1 Qe6 16. Rad1 Bf8 17. a3 Ng7 18. c5 Nd7 19. Na4 Qe7 20. Bc4 Ne6 21. b4 Nf4+
22. Kh2 b5 23. cxb6 axb6 24. Nxb6 Nxb6 25. Bxb6 Rxa3 26. Bc5 Qf6 27. Qb2 Ra8
28. Bxf8 Rxf8 29. Qd2 Nxh3 30. Kg2 Ng5 31. f3 Ra3 32. Qd6 Rxf3 33. Qxf6 Rxf6
34. Rhe1 Bh3+ 35. Kg1 Rb8 36. Rb1 Rd6 37. Bf1 Be6 38. Bg2 Rd3 39. Kf2 Rd4 40.
Ke3 Rbxb4 41. Rxb4 Rxb4 42. Ra1 Bc4 43. Nf3 0-1

[Event "Mechanics' Fall TNM; 30/90, SD/30"]
[Site "San Francisco"]
[Date "2009.12.15"]
[Round "9.8"]
[White "Klinetobe, David"]
[Black "Afkham-Ebrahimi, Payam"]
[Result "1/2-1/2"]
[WhiteElo "2043"]
[BlackElo "1913"]
[PlyCount "64"]
[EventDate "2009.??.??"]

1. e4 c6 2. d4 d5 3. exd5 cxd5 4. c4 Nf6 5. Nc3 e6 6. Nf3 Nc6 7. c5 b6 8. Bb5
Bd7 9. Bxc6 Bxc6 10. Ne5 Rc8 11. b4 bxc5 12. bxc5 Qa5 13. Bd2 Qa6 14. Rb1 Be7
15. Qe2 Qxe2+ 16. Kxe2 O-O 17. Nxc6 Rxc6 18. Rb7 Re8 19. Rxa7 e5 20. Na4 exd4
21. Kd3 Ne4 22. Re1 Kf8 23. f3 Nxd2 24. Kxd2 Bg5+ 25. Kd1 Be3 26. Kc2 Rg6 27.
Re2 Rc8 28. Kd3 Ke8 29. Rb2 Bc1 30. Re2+ Be3 31. Rb2 Bc1 32. Re2+ Be3 1/2-1/2

[Event "Mechanics' Fall TNM; 30/90, SD/30"]
[Site "San Francisco"]
[Date "2009.11.03"]
[Round "3.8"]
[White "Klinetobe, David"]
[Black "Chen, Max"]
[Result "1/2-1/2"]
[WhiteElo "2043"]
[BlackElo "1726"]
[PlyCount "77"]
[EventDate "2009.??.??"]

1. e4 c5 2. Nf3 Nc6 3. d4 cxd4 4. Nxd4 g6 5. c4 Bg7 6. Be3 Nf6 7. Nc3 O-O 8.
Be2 d6 9. f3 Qb6 10. Nxc6 Qxc6 11. Rc1 Be6 12. Nd5 Qd7 13. O-O Rfc8 14. Qd2 Qd8
15. b3 Nxd5 16. cxd5 Bd7 17. Rxc8 Rxc8 18. Rc1 Rxc1+ 19. Qxc1 Qa5 20. Qd2 Bc3
21. Qc2 f5 22. Bd3 fxe4 23. fxe4 Be5 24. Qd2 Bc3 25. Qf2 Be1 26. Qe2 Qc3 27.
Bxa7 h5 28. Qc2 Qc8 29. Qb1 Qc3 30. Qc2 Qc8 31. Qb1 Qc3 32. Bf2 Bxf2+ 33. Kxf2
Qd2+ 34. Kf1 h4 35. h3 Qf4+ 36. Ke2 Qh2 37. Kf1 Qf4+ 38. Ke2 Qh2 39. Kf1
1/2-1/2

[Event "Mechanics' Fall TNM; 30/90, SD/30"]
[Site "San Francisco"]
[Date "2009.12.01"]
[Round "7.19"]
[White "Klinetobe, David"]
[Black "Olson, David"]
[Result "1-0"]
[WhiteElo "2043"]
[BlackElo "1641"]
[PlyCount "75"]
[EventDate "2009.??.??"]

1. e4 c5 2. Nf3 e6 3. d4 cxd4 4. Nxd4 Nc6 5. Nc3 Bb4 6. Ndb5 Nge7 7. Nd6+ Kf8
8. Nxc8 Rxc8 9. Bd2 a6 10. a3 Bc5 11. Na4 Ba7 12. Bd3 b5 13. Nc3 Ng6 14. O-O
Nce5 15. Qe2 Nxd3 16. Qxd3 Qc7 17. Rac1 Bb8 18. g3 Ne5 19. Qe2 Nc4 20. Nd1 h5
21. Bb4+ Kg8 22. b3 Ne5 23. h4 Rh6 24. Ne3 Qc6 25. f3 Rg6 26. Be1 Qc7 27. f4
Ng4 28. Nxg4 Rxg4 29. Kg2 Qd8 30. Kh3 Qf6 31. c4 bxc4 32. Rxc4 Rxc4 33. Qxc4
Kh7 34. Qxa6 Qd4 35. Qb5 g5 36. Qxb8 gxf4 37. Qb5 Qe3 38. Qxh5+ 1-0

[Event "Mechanics' Fall TNM; 30/90, SD/30"]
[Site "San Francisco"]
[Date "2009.10.27"]
[Round "2.14"]
[White "Klinetobe, David"]
[Black "Rosenstein, Perry"]
[Result "1-0"]
[WhiteElo "2043"]
[BlackElo "1516"]
[PlyCount "53"]
[EventDate "2009.??.??"]

1. e4 d5 2. exd5 Nf6 3. d4 Bg4 4. Be2 Bxe2 5. Qxe2 Qxd5 6. Nf3 c6 7. c4 Qa5+ 8.
Nc3 e6 9. O-O Nbd7 10. Bf4 Nh5 11. Bd2 Qc7 12. Ne5 Nxe5 13. dxe5 O-O-O 14. g4
g6 15. gxh5 gxh5 16. Rad1 Rg8+ 17. Kh1 c5 18. Bf4 Rd4 19. Rxd4 cxd4 20. Nb5
Qc6+ 21. f3 Bc5 22. Qd3 a6 23. Nd6+ Bxd6 24. exd6 Qc5 25. b4 Qb6 26. Be5 Qd8
27. Qxd4 1-0

[Event "Mechanics' Fall TNM; 30/90, SD/30"]
[Site "San Francisco"]
[Date "2009.10.20"]
[Round "1.15"]
[White "Krasnov, Steven"]
[Black "Allen, Tom"]
[Result "1-0"]
[WhiteElo "1932"]
[BlackElo "1550"]
[PlyCount "43"]
[EventDate "2009.??.??"]

1. d4 Nf6 2. c4 e5 3. e3 exd4 4. exd4 Bb4+ 5. Bd2 Bxd2+ 6. Nxd2 O-O 7. Bd3 d5
8. c5 Re8+ 9. Ne2 Nc6 10. Nb3 Ne4 11. O-O Qh4 12. g3 Qh6 13. Nf4 Nf6 14. Qd2
Ne4 15. Qc1 Bh3 16. Nxh3 Qxh3 17. Re1 Nxf2 18. Kxf2 Qxh2+ 19. Kf3 Qh5+ 20. Kg2
f5 21. Qf4 Qf7 22. Qxf5 1-0

[Event "Mechanics' Wilkerson Mem TNM; 30/90, SD"]
[Site "San Francisco"]
[Date "2009.09.15"]
[Round "7.11"]
[White "Krasnov, Steven"]
[Black "Beilin, Allen"]
[Result "1-0"]
[WhiteElo "1893"]
[BlackElo "1713"]
[PlyCount "63"]
[EventDate "2009.??.??"]

1. d4 d5 2. Nf3 Nf6 3. c4 c6 4. e3 e6 5. Nc3 Nbd7 6. Bd3 Be7 7. O-O dxc4 8.
Bxc4 O-O 9. e4 b5 10. Bd3 b4 11. Ne2 Bb7 12. Ng3 c5 13. e5 Nd5 14. Qe2 N5b6 15.
Be3 Rc8 16. Rac1 cxd4 17. Rxc8 Nxc8 18. Bxd4 Nc5 19. Bxc5 Bxc5 20. Rd1 Qb6 21.
Bxh7+ Kxh7 22. Ng5+ Kg8 23. Qh5 Bxf2+ 24. Kh1 Bxg2+ 25. Kxg2 Qb7+ 26. Kxf2 Qb6+
27. Kg2 Qb7+ 28. N3e4 Re8 29. Qh7+ Kf8 30. Qh8+ Ke7 31. Qxg7 Rf8 32. Qf6+ 1-0

[Event "Mechanics' Winter TNM; 30/90, SD/30"]
[Site "San Francisco"]
[Date "2009.02.03"]
[Round "5.9"]
[White "Krasnov, Steven"]
[Black "Bultman, Charles"]
[Result "1-0"]
[WhiteElo "1927"]
[BlackElo "1777"]
[PlyCount "111"]
[EventDate "2009.??.??"]

1. d4 Nf6 2. c4 g6 3. Nc3 Bg7 4. e4 d6 5. Be2 O-O 6. f4 c5 7. Nf3 cxd4 8. Nxd4
Nc6 9. Nxc6 bxc6 10. Be3 Qa5 11. O-O Nd7 12. Bd4 Bxd4+ 13. Qxd4 Qc5 14. Rad1
Rb8 15. b3 f5 16. exf5 gxf5 17. Bf3 Bb7 18. Ne2 Ba8 19. Rfe1 a5 20. Qxc5 Nxc5
21. Nd4 Ne4 22. g3 a4 23. Nxf5 Rxf5 24. Bxe4 Ra5 25. Bc2 Ra7 26. Re3 h6 27. Re6
axb3 28. Bxb3 Kg7 29. Rde1 Rbb7 30. f5 c5 31. Rg6+ Kf7 32. Rxh6 Rb8 33. Ree6
Rg8 34. Kf2 Bc6 35. Rh7+ Rg7 36. Rxg7+ Kxg7 37. f6+ Kf7 38. Rxe7+ Rxe7 39. fxe7
Kxe7 40. Ke3 Kf6 41. Kf4 Bg2 42. h4 Bc6 43. a4 Bg2 44. a5 Bb7 45. g4 Kg6 46.
Bc2+ Kh6 47. Be4 Ba6 48. Bd5 Bc8 49. h5 Ba6 50. Kf5 Bc8+ 51. Be6 Bb7 52. Kf6
Ba6 53. Bf7 Kh7 54. g5 Bc8 55. h6 Bb7 56. Ke7 1-0

[Event "Mechanics' Wilkerson Mem TNM; 30/90, SD"]
[Site "San Francisco"]
[Date "2009.08.25"]
[Round "4.10"]
[White "Krasnov, Steven"]
[Black "Bultman, Charles"]
[Result "1/2-1/2"]
[WhiteElo "1893"]
[BlackElo "1721"]
[PlyCount "118"]
[EventDate "2009.??.??"]

1. d4 Nf6 2. Nf3 g6 3. c4 Bg7 4. Nc3 c5 5. d5 e6 6. g3 exd5 7. cxd5 d6 8. Bg2
O-O 9. O-O Re8 10. h3 Na6 11. Re1 Bf5 12. a3 Ne4 13. Nxe4 Bxe4 14. Nd2 Bxg2 15.
Kxg2 f5 16. Rb1 Qe7 17. b4 cxb4 18. axb4 Bc3 19. b5 Nc5 20. Qc2 Ne4 21. f3 Bxd2
22. Bxd2 Rac8 23. Qd3 Nxd2 24. Qxd2 Qe3 25. Qxe3 Rxe3 26. Kf2 Rec3 27. e4 Rc2+
28. Re2 Rxe2+ 29. Kxe2 fxe4 30. fxe4 Rc3 31. Kf2 Kf7 32. Ra1 Rb3 33. Rxa7 Rxb5
34. Kf3 Rb3+ 35. Kf4 Kf6 36. h4 h6 37. Ra8 g5+ 38. hxg5+ hxg5+ 39. Kg4 b5 40.
Re8 Re3 41. Re6+ Kf7 42. Kxg5 Rxg3+ 43. Kf5 Rf3+ 44. Kg5 Rg3+ 45. Kf4 Rg6 46.
Rxg6 Kxg6 47. e5 dxe5+ 48. Kxe5 {a theoretical draw} Kf7 49. Kd4 b4 50. Kc4 b3
51. Kxb3 Ke7 52. Kb4 Kd6 53. Kc4 Kd7 54. Kc5 Kc7 55. Kd4 Kd6 56. Ke4 Kd7 57.
Ke5 Ke7 58. d6+ Kd8 59. Ke6 Ke8 1/2-1/2

[Event "Mechanics' Fall TNM; 30/90, SD/30"]
[Site "San Francisco"]
[Date "2009.11.03"]
[Round "3.11"]
[White "Krasnov, Steven"]
[Black "Dembling, Arthur"]
[Result "1-0"]
[WhiteElo "1932"]
[BlackElo "1729"]
[PlyCount "78"]
[EventDate "2009.??.??"]

1. d4 Nf6 2. Nf3 e6 3. c4 b6 4. g3 Bb7 5. Bg2 c5 6. e3 cxd4 7. exd4 Be7 8. Nc3
O-O 9. O-O d5 10. Ne5 Nc6 11. Re1 Rc8 12. cxd5 exd5 13. Bg5 Re8 14. Bxf6 Bxf6
15. Bxd5 Bxe5 16. dxe5 Na5 17. Bxb7 Nxb7 18. Qa4 a5 19. Rad1 Qg5 20. Rd5 Nc5
21. Qd1 Ne6 22. Ne4 Qg6 23. Nd6 Nf4 24. Rd2 Ne6 25. Nxe8 Rxe8 26. Rd6 Rc8 27.
Rxb6 h6 28. Qe2 Qf5 29. Qe4 Qg5 30. Qe3 Qf5 31. Rb5 Ng5 32. f4 Nh3+ 33. Kg2
Rc2+ 34. Re2 Rc8 35. a4 g5 36. e6 Nxf4+ 37. gxf4 Qg4+ 38. Kf2 Qh4+ 39. Qg3 Qh5
1-0

[Event "Mechanics' Wilkerson Mem TNM; 30/90, SD"]
[Site "San Francisco"]
[Date "2009.09.29"]
[Round "9.8"]
[White "Krasnov, Steven"]
[Black "Fuentes, Romulo"]
[Result "1/2-1/2"]
[WhiteElo "1893"]
[BlackElo "2121"]
[PlyCount "38"]
[EventDate "2009.??.??"]

1. d4 Nf6 2. Bg5 Ne4 3. Bf4 g5 4. Bc1 Rg8 5. f3 Nf6 6. e4 d6 7. Nc3 c6 8. Bd3
Qc7 9. Be3 Be6 10. Nge2 Nbd7 11. d5 cxd5 12. exd5 Bxd5 13. Bxh7 Nxh7 14. Nxd5
Qa5+ 15. b4 Qd8 16. Qd3 Nhf6 17. Nec3 Nxd5 18. Nxd5 e6 19. Nc3 d5 1/2-1/2

[Event "Mechanics' Summer TNM; 30/90, SD/30"]
[Site "San Francisco"]
[Date "2009.06.02"]
[Round "2.13"]
[White "Krasnov, Steven"]
[Black "Hilliard, Michael"]
[Result "1-0"]
[WhiteElo "1940"]
[BlackElo "1400"]
[PlyCount "67"]
[EventDate "2009.??.??"]

1. d4 d5 2. Nf3 Nf6 3. c4 e6 4. e3 c5 5. Nc3 Nc6 6. cxd5 exd5 7. h3 Bd6 8. b3
O-O 9. Bb2 Re8 10. Be2 cxd4 11. Nxd4 Nxd4 12. Qxd4 Be5 13. Qd2 d4 14. Rd1 Qc7
15. exd4 Bf4 16. Qd3 Qe7 17. O-O Bd7 18. Bf3 Rab8 19. Bc1 Bd6 20. Bg5 Kh8 21.
Nd5 Qd8 22. Nxf6 gxf6 23. Bh4 Rg8 24. Be4 Rg7 25. Qf3 Be7 26. Bg3 Bxh3 27. gxh3
Qd7 28. Kh2 Bd6 29. Rg1 Rbg8 30. Qxf6 Qe7 31. Qxe7 Bxe7 32. Bxb7 Bf6 33. d5 Rd8
34. Bf4 1-0

[Event "Mechanics' Fall TNM; 30/90, SD/30"]
[Site "San Francisco"]
[Date "2009.11.24"]
[Round "6.12"]
[White "Krasnov, Steven"]
[Black "Kleiman, Charles"]
[Result "1-0"]
[WhiteElo "1932"]
[BlackElo "1737"]
[PlyCount "73"]
[EventDate "2009.??.??"]

1. d4 Nf6 2. Nf3 g6 3. c4 Bg7 4. Nc3 d6 5. g3 O-O 6. Bg2 c5 7. O-O cxd4 8. Nxd4
a6 9. h3 Qc7 10. b3 e5 11. Nc2 Nc6 12. Ne3 Ne7 13. Ba3 Rd8 14. Rc1 Rb8 15. Qd3
Be6 16. Rfd1 Ne8 17. Ncd5 Bxd5 18. cxd5 Qa5 19. Nc4 Qb5 20. Bb2 f5 21. a4 e4
22. Qc2 Qc5 23. Ba3 Qc7 24. Qd2 b5 25. Nxd6 Qb6 26. Bc5 Rxd6 27. Bxb6 Rbxb6 28.
f3 Rxd5 29. Qa5 Re6 30. fxe4 fxe4 31. Rxd5 Nxd5 32. axb5 Bd4+ 33. Kh2 axb5 34.
Qxb5 Re5 35. Qc4 Be3 36. Rd1 Nef6 37. Rxd5 1-0

[Event "Mechanics' Summer TNM; 30/90, SD/30"]
[Site "San Francisco"]
[Date "2009.07.14"]
[Round "8.10"]
[White "Krasnov, Steven"]
[Black "Livschitz, Jennifer"]
[Result "1-0"]
[WhiteElo "1940"]
[BlackElo "1676"]
[PlyCount "95"]
[EventDate "2009.??.??"]

1. c4 e5 2. Nc3 Nf6 3. Nf3 Nc6 4. g3 Bc5 5. Bg2 d6 6. d3 h6 7. a3 a5 8. O-O Be6
9. e3 e4 10. Nd4 Nxd4 11. exd4 Bxd4 12. Nxe4 O-O 13. Qc2 Nxe4 14. dxe4 c6 15.
Rd1 Qb6 16. Qd2 Bc5 17. Qc2 f5 18. Bh3 Bxf2+ 19. Qxf2 Qxf2+ 20. Kxf2 fxe4+ 21.
Kg2 Bxc4 22. Bf4 d5 23. Rac1 Rae8 24. Bd7 Rd8 25. Be6+ Kh7 26. h4 Kg6 27. Bg4
Kf6 28. Bc7 Rde8 29. Bxa5 Rf7 30. Bc3+ Kg6 31. Re1 e3 32. Bf3 Bd3 33. Bd4 e2
34. Rc3 Rxf3 35. Kxf3 Rf8+ 36. Ke3 Rf1 37. Rxe2 Bxe2 38. Kxe2 Rf7 39. a4 Re7+
40. Re3 Rc7 41. b4 Kf5 42. Kf3 Rf7 43. g4+ Kg6+ 44. Kg3 Kh7 45. g5 hxg5 46.
hxg5 Kg6 47. Kg4 Rf5 48. Re6+ 1-0

[Event "Mechanics' Spring TNM; 30/90, SD/30"]
[Site "San Francisco"]
[Date "2009.04.28"]
[Round "7.7"]
[White "Krasnov, Steven"]
[Black "Manvelyan, Hayk"]
[Result "0-1"]
[WhiteElo "1941"]
[BlackElo "2035"]
[PlyCount "74"]
[EventDate "2009.??.??"]

1. Nf3 f5 2. c4 Nf6 3. Nc3 e6 4. g3 Be7 5. d4 d6 6. Bg2 O-O 7. O-O Nbd7 8. Qc2
Nb6 9. b3 d5 10. c5 Nbd7 11. Bf4 c6 12. b4 Ne4 13. a4 g5 14. Bc1 Bf6 15. e3 a5
16. b5 Qe7 17. Ba3 Qg7 18. Nd2 e5 19. Ndxe4 fxe4 20. Ne2 g4 21. Rad1 Qh6 22.
Bb2 Bg7 23. Qb3 Kh8 24. Rc1 Qh5 25. Qd1 Rf6 26. dxe5 Rh6 27. h4 gxh3 28. Nf4
Qxd1 29. Rfxd1 hxg2 30. Kxg2 Nxe5 31. Rh1 Rxh1 32. Rxh1 Bg4 33. Bxe5 Bf3+ 34.
Kg1 Bxh1 35. Bxg7+ Kxg7 36. Kxh1 cxb5 37. axb5 a4 0-1

[Event "Mechanics' Summer TNM; 30/90, SD/30"]
[Site "San Francisco"]
[Date "2009.06.30"]
[Round "6.6"]
[White "Krasnov, Steven"]
[Black "Manvelyan, Hayk"]
[Result "1/2-1/2"]
[WhiteElo "1940"]
[BlackElo "2072"]
[PlyCount "45"]
[EventDate "2009.??.??"]

1. Nf3 d5 2. b3 Nf6 3. Bb2 e6 4. g3 Bd6 5. Bg2 O-O 6. O-O c5 7. d4 Nc6 8. Nbd2
Qe7 9. c4 Nxd4 10. Nxd4 cxd4 11. Bxd4 e5 12. Bb2 d4 13. Qc2 Bg4 14. Nf3 Rad8
15. Rfd1 Bc5 16. a3 a5 17. Ng5 h6 18. Ne4 Nxe4 19. Bxe4 Be6 20. Bh7+ Kh8 21.
Bf5 Bxf5 22. Qxf5 e4 23. b4 1/2-1/2

[Event "Mechanics' Spring TNM; 30/90, SD/30"]
[Site "San Francisco"]
[Date "2009.03.24"]
[Round "2.11"]
[White "Krasnov, Steven"]
[Black "Matz, James"]
[Result "1-0"]
[WhiteElo "1941"]
[BlackElo "1781"]
[PlyCount "59"]
[EventDate "2009.??.??"]

1. d4 Nf6 2. c4 d6 3. Nc3 Nbd7 4. e4 e5 5. Nf3 g6 6. Be2 Bg7 7. O-O O-O 8. Re1
h6 9. Bf1 Kh7 10. g3 Qe7 11. Bg2 Nb6 12. Qd3 Ng8 13. dxe5 dxe5 14. Be3 f5 15.
c5 f4 16. gxf4 exf4 17. Bd4 Nd7 18. Nd5 Qd8 19. Bxg7 Kxg7 20. Rad1 c6 21. Nc3
Qe8 22. Qd4+ Kh7 23. e5 Ne7 24. Nh4 f3 25. Bxf3 Rxf3 26. Nxf3 Nf8 27. Ne4 Ng8
28. Nf6+ Nxf6 29. exf6 Ne6 30. Qd6 1-0

[Event "Mechanics' Spring TNM; 30/90, SD/30"]
[Site "San Francisco"]
[Date "2009.04.07"]
[Round "4.5"]
[White "Krasnov, Steven"]
[Black "Naroditsky, Alan"]
[Result "1-0"]
[WhiteElo "1941"]
[BlackElo "2025"]
[PlyCount "91"]
[EventDate "2009.??.??"]

1. g3 f5 2. Nf3 Nf6 3. c4 d6 4. d4 g6 5. Nc3 Bg7 6. Bg2 O-O 7. O-O Qe8 8. e4
Nxe4 9. Nxe4 fxe4 10. Ng5 Nc6 11. Be3 e5 12. dxe5 Nxe5 13. Qd5+ Kh8 14. Qxe4
Ng4 15. Bd4 Bxd4 16. Qxd4+ Qe5 17. Rad1 Bf5 18. h3 Qxd4 19. Rxd4 Nf6 20. g4 Bd7
21. Re1 Rae8 22. Kf1 Rxe1+ 23. Kxe1 Re8+ 24. Kd2 h6 25. Ne4 Nxe4+ 26. Bxe4 Kg7
27. c5 d5 28. Bxd5 Bb5 29. Bf3 Rf8 30. Ke3 Rf6 31. Bxb7 g5 32. Bg2 Re6+ 33. Be4
Re5 34. b4 Re6 35. f4 gxf4+ 36. Kxf4 Ra6 37. Rd2 Ra4 38. Rb2 Bc4 39. Bc6 Ra6
40. Bb7 Ra4 41. Ke5 Bxa2 42. Bd5 Bxd5 43. Kxd5 Ra6 44. Re2 Kf7 45. Rf2+ Kg7 46.
b5 1-0

[Event "Mechanics' Summer TNM; 30/90, SD/30"]
[Site "San Francisco"]
[Date "2009.06.16"]
[Round "4.4"]
[White "Krasnov, Steven"]
[Black "Snyder, Larry"]
[Result "1/2-1/2"]
[WhiteElo "1940"]
[BlackElo "2091"]
[PlyCount "50"]
[EventDate "2009.??.??"]

1. Nf3 Nf6 2. g3 g6 3. Bg2 Bg7 4. O-O O-O 5. d3 d5 6. Nbd2 c5 7. c3 Nc6 8. Re1
e5 9. e4 Re8 10. Qb3 Rb8 11. a4 h6 12. exd5 Qxd5 13. Qxd5 Nxd5 14. Nc4 Nb6 15.
Nd6 Rd8 16. Nxc8 Rbxc8 17. a5 Nd5 18. Be3 Nxe3 19. Rxe3 Rc7 20. h4 Rcd7 21. Ne1
Ne7 22. Kf1 h5 23. Ra4 f6 24. Rc4 Nd5 25. Re2 Bf8 1/2-1/2

[Event "Mechanics' Winter TNM; 30/90, SD/30"]
[Site "San Francisco"]
[Date "2009.02.10"]
[Round "6.4"]
[White "Krasnov, Steven"]
[Black "Snyder, Larry"]
[Result "0-1"]
[WhiteElo "1927"]
[BlackElo "2055"]
[PlyCount "88"]
[EventDate "2009.??.??"]

1. Nf3 Nf6 2. c4 c5 3. Nc3 d5 4. cxd5 Nxd5 5. Qb3 Nb6 6. e3 Nc6 7. Bb5 Bd7 8.
d4 cxd4 9. exd4 e6 10. Bf4 Be7 11. Rd1 O-O 12. Qc2 Nb4 13. Qb1 N4d5 14. Bd2
Bxb5 15. Nxb5 a6 16. Nc3 Rc8 17. O-O Nc4 18. Nxd5 Qxd5 19. Bf4 Rfd8 20. Rfe1 h6
21. h3 Qb5 22. b3 Na3 23. Qe4 Qd5 24. Rc1 Qxe4 25. Rxe4 Nb5 26. Rxc8 Rxc8 27.
Bd2 Bf6 28. g4 Rd8 29. g5 hxg5 30. a4 Nxd4 31. Nxd4 Rxd4 32. Rxd4 Bxd4 33. Bxg5
f5 34. Kf1 Kf7 35. Ke2 Kg6 36. Be7 e5 37. Kf3 e4+ 38. Kg3 Be5+ 39. Kg2 Kf7 40.
Bg5 Ke6 41. f3 Kd5 42. Kf2 Kd4 43. Bd2 Kd3 44. Ba5 e3+ 0-1

[Event "Mechanics' Winter TNM; 30/90, SD/30"]
[Site "San Francisco"]
[Date "2009.02.24"]
[Round "8.5"]
[White "Krasnov, Steven"]
[Black "Wong, Russell"]
[Result "0-1"]
[WhiteElo "1927"]
[BlackElo "2200"]
[PlyCount "83"]
[EventDate "2009.??.??"]

1. d4 g6 2. c4 Bg7 3. e4 c5 4. d5 d6 5. Nc3 Nf6 6. h3 O-O 7. Nf3 e6 8. dxe6
fxe6 9. Be2 Nc6 10. O-O e5 11. Bg5 Nd4 12. Qd2 Qa5 13. Rfe1 Be6 14. b3 Nh5 15.
Rad1 Nf4 16. Nxd4 cxd4 17. Nb5 Qb6 18. Be7 Rf7 19. Bxd6 Nxe2+ 20. Rxe2 a6 21.
Nc7 Rxc7 22. Bxc7 Qxc7 23. Qb4 Bf8 24. Qd2 a5 25. Qg5 Bg7 26. Rd3 a4 27. Qc1
axb3 28. axb3 Bf8 29. Kh2 b5 30. Rc2 bxc4 31. bxc4 Bb4 32. Qg5 Be7 33. Qc1 Rc8
34. f4 Qb7 35. fxe5 Qxe4 36. Qd1 Qxe5+ 37. g3 Qf5 38. Qg4 Qxg4 39. hxg4 Bf6 40.
Rf3 Bg7 41. c5 Bxg4 42. Rb3 0-1

[Event "Mechanics' Summer TNM; 30/90, SD/30"]
[Site "San Francisco"]
[Date "2009.06.25"]
[Round "5.29"]
[White "Krawczyk, Steven"]
[Black "Bertot, German"]
[Result "0-1"]
[WhiteElo "864"]
[BlackElo "1561"]
[PlyCount "66"]
[EventDate "2009.??.??"]

1. e4 e5 2. Nf3 Nc6 3. d4 exd4 4. Nxd4 Bc5 5. Be3 Qf6 6. c3 Nge7 7. b4 Bb6 8.
Na3 O-O 9. Qf3 Bxd4 10. cxd4 Qxf3 11. gxf3 Nxb4 12. Bc4 d5 13. Bd2 a5 14. Be2
Nec6 15. Be3 Re8 16. e5 Bf5 17. Kd2 Nd8 18. Nb5 Ne6 19. Rhc1 Rac8 20. a3 Nc6
21. Kc3 Ne7 22. Kb3 Rf8 23. Rc3 Bg6 24. Rac1 c6 25. Nd6 Rb8 26. Ka4 Nf5 27.
Nxf5 Bxf5 28. Kxa5 f6 29. f4 Rf7 30. Kb6 Ra8 31. h3 Bxh3 32. Bd3 Bf5 33. Bxf5
Ra6# 0-1

[Event "Mechanics' Summer TNM; 30/90, SD/30"]
[Site "San Francisco"]
[Date "2009.06.30"]
[Round "6.30"]
[White "Krawczyk, Steven"]
[Black "Durig, Alex"]
[Result "0-1"]
[WhiteElo "864"]
[BlackElo "1234"]
[PlyCount "56"]
[EventDate "2009.??.??"]

1. e4 c5 2. c3 Nc6 3. Bc4 e6 4. Qe2 g6 5. d3 Bg7 6. Be3 d6 7. Nf3 Qc7 8. d4
cxd4 9. cxd4 Nf6 10. Nc3 a6 11. Rc1 O-O 12. h3 b5 13. Bd3 Qa5 14. O-O Bb7 15.
a3 Ne7 16. e5 dxe5 17. dxe5 Nd7 18. Bd2 Qd8 19. Rfd1 Bxf3 20. Qxf3 Nxe5 21. Qg3
Nxd3 22. Bg5 Qe8 23. Rxd3 Bxc3 24. Rcxc3 Rd8 25. Rxd8 Qxd8 26. Rd3 Qe8 27. Qc7
f6 28. Bf4 Nd5 {W time exp} 0-1

[Event "Mechanics' Fall TNM; 30/90, SD/30"]
[Site "San Francisco"]
[Date "2009.11.24"]
[Round "6.27"]
[White "Krawczyk, Steven"]
[Black "Evans, Nicholas"]
[Result "1-0"]
[WhiteElo "981"]
[BlackElo "1500"]
[PlyCount "57"]
[EventDate "2009.??.??"]

1. e4 e6 2. d4 d5 3. Nc3 Nf6 4. Qf3 dxe4 5. Qe3 Bb4 6. Bd2 Nc6 7. O-O-O Qxd4 8.
Qg3 Bd6 9. Bf4 Bxf4+ 10. Qxf4 Qe5 11. Qh4 O-O 12. Re1 Rd8 13. Nf3 Qa5 14. Nd2
Rd4 15. Nb3 Qh5 16. Qxh5 Nxh5 17. Nxd4 Nxd4 18. Rxe4 c5 19. Rh4 Nf6 20. Bd3 b6
21. Ne4 Nf5 22. Nxf6+ gxf6 23. Rh3 e5 24. g4 Nd4 25. Bxh7+ Kg7 26. Be4 Rb8 27.
Bf5 Bxf5 28. gxf5 Nxf5 29. Rg1+ 1-0

[Event "Mechanics' Fall TNM; 30/90, SD/30"]
[Site "San Francisco"]
[Date "2009.11.10"]
[Round "4.31"]
[White "Krawczyk, Steven"]
[Black "Litowsky, Daniel"]
[Result "0-1"]
[WhiteElo "981"]
[BlackElo "1700"]
[PlyCount "68"]
[EventDate "2009.??.??"]

1. e4 e5 2. Nf3 Nc6 3. d4 exd4 4. c3 d6 5. Qb3 Be7 6. Bc4 f6 7. Bf7+ Kf8 8. Bd5
Na5 9. Qa3 c6 10. Bb3 d5 11. Qa4 Bc5 12. cxd4 b5 13. e5 bxa4 14. exf6 axb3 15.
O-O Bd6 16. Ne5 Bxe5 17. dxe5 gxf6 18. Re1 fxe5 19. Rxe5 Qf6 20. Re3 Qd4 21.
Nc3 Nf6 22. Rf3 Kg7 23. Be3 Qe5 24. Re1 Ne4 25. Bf4 Qe7 26. Rg3+ Kf7 27. Rf3
Ke8 28. a3 Nc4 29. Nd1 Bg4 30. Rxb3 Bxd1 31. Rxd1 Qc5 32. Be3 Nxe3 33. Rxe3 Rf8
34. Rde1 Qc2 0-1